header

Biblical and theological studies on the Trinity / (Record no. 94970)

MARC details
000 -LEADER
fixed length control field 01693nam a2200409 i 4500
001 - CONTROL NUMBER
control field ebr10839988
003 - CONTROL NUMBER IDENTIFIER
control field CaPaEBR
006 - FIXED-LENGTH DATA ELEMENTS--ADDITIONAL MATERIAL CHARACTERISTICS--GENERAL INFORMATION
fixed length control field m o d
007 - PHYSICAL DESCRIPTION FIXED FIELD--GENERAL INFORMATION
fixed length control field cr cn|||||||||
008 - FIXED-LENGTH DATA ELEMENTS--GENERAL INFORMATION
fixed length control field 140305t20142014at a o 001 0 eng d
020 ## - INTERNATIONAL STANDARD BOOK NUMBER
Cancelled/invalid ISBN 9781921511394
International Standard Book Number 9781921511400 (e-book)
040 ## - CATALOGING SOURCE
Original cataloging agency CaPaEBR
Language of cataloging eng
Description conventions rda
-- pn
Transcribing agency CaPaEBR
035 ## - SYSTEM CONTROL NUMBER
System control number (OCoLC)874180545
050 14 - LIBRARY OF CONGRESS CALL NUMBER
Classification number BT102
Item number .B53 2014eb
082 04 - DEWEY DECIMAL CLASSIFICATION NUMBER
Classification number 231
Edition number 23
245 00 - TITLE STATEMENT
Title Biblical and theological studies on the Trinity /
Statement of responsibility, etc edited by Paul Petersen and Robert K McIver.
264 #1 - PRODUCTION, PUBLICATION, DISTRIBUTION, MANUFACTURE, AND COPYRIGHT NOTICE
Place of production, publication, distribution, manufacture Hindmarsh, Australia :
Name of producer, publisher, distributor, manufacturer ATF Theology,
Date of production, publication, distribution, manufacture, or copyright notice 2014.
Date of production, publication, distribution, manufacture, or copyright notice �2014
300 ## - PHYSICAL DESCRIPTION
Extent 1 online resource (264 pages) :
Other physical details illustrations.
336 ## - CONTENT TYPE
Content type term text
Source rdacontent
337 ## - MEDIA TYPE
Media type term computer
Source rdamedia
338 ## - CARRIER TYPE
Carrier type term online resource
Source rdacarrier
490 0# - SERIES STATEMENT
Series statement Avondale Academic Press
500 ## - GENERAL NOTE
General note Includes indexes.
588 ## - SOURCE OF DESCRIPTION NOTE
Source of description note Description based on online resource; title from PDF title page (ebrary, viewed March 5, 2014).
590 ## - LOCAL NOTE (RLIN)
Local note Electronic reproduction. Palo Alto, Calif. : ebrary, 2014. Available via World Wide Web. Access may be limited to ebrary affiliated libraries.
650 #0 - SUBJECT ADDED ENTRY--TOPICAL TERM
Topical term or geographic name as entry element God (Christianity)
Topical term or geographic name as entry element Appropriation (Christian theology)
Topical term or geographic name as entry element Trinity.
655 #0 - INDEX TERM--GENRE/FORM
Genre/form data or focus term Electronic books.
700 1# - ADDED ENTRY--PERSONAL NAME
Personal name Petersen, Paul.
Personal name McIver, Robert K.
776 08 - ADDITIONAL PHYSICAL FORM ENTRY
Display text Print version:
Title Biblical and theological studies on the Trinity.
Place, publisher, and date of publication Hindmarsh, Australia : ATF Theology, c2014
Physical description xi, 251 pages
Series data for related item Avondale Academic Press.
International Standard Book Number 9781921511394
797 2# - LOCAL ADDED ENTRY--CORPORATE NAME (RLIN)
Corporate name or jurisdiction name as entry element ebrary.
856 40 - ELECTRONIC LOCATION AND ACCESS
Uniform Resource Identifier <a href="http://site.ebrary.com/lib/rucke/Doc?id=10839988">http://site.ebrary.com/lib/rucke/Doc?id=10839988</a>
Public note An electronic book accessible through the World Wide Web; click to view

No items available.

© 2026 Rongo University
Contact us: librarian | system librarian | Rongo university